| 000 | 00524nam a22001697a 4500 | ||
|---|---|---|---|
| 999 |
_c8590 _d8590 |
||
| 008 | 201208b ||||| |||| 00| 0 eng d | ||
| 040 | _aBMS College of Architecture | ||
| 100 | _aGupta, Kumar Abhishek | ||
| 245 | _aSports center and Museum | ||
| 300 | _a35p. | ||
| 500 | _a1BM12AT002 | ||
| 502 |
_8B,Arch _NBMS College of Architecture, Visvesvaraya Technological University (VTU) _aProject report _d2016 |
||
| 650 | _aMuseum | ||
| 700 |
_aChannabasavaradhya K B _eGuide |
||
| 700 |
_aPrathima N _eGuide |
||
| 942 |
_2ddc _cTHE |
||